[Event "32nd GER-ch Seniors-50 2020"]
[Site "Magdeburg"]
[Date "2020.08.14"]
[Round "1.1"]
[White "Lundin, Jan"]
[Black "Meyer, Bernd"]
[Result "1-0"]
[WhiteElo "2321"]
[BlackElo "1966"]
[Annotator "ChessBase"]
[PlyCount "51"]
[EventDate "2020.08.14"]
[EventType "swiss"]
[EventCountry "GER"]
[SourceTitle "playchess.com"]
[Source "ChessBase"]
[SourceQuality "1"]
[TimeControl "40/5400+30:1800+30"]

1. e4 {[%emt 0:00:00]} d6 {[%emt 0:00:00]} 2. Nc3 {[%emt 0:00:33]} Nf6 {[%emt 0:00:08]} 3. f4 {[%emt 0:00:20]} g6 {[%emt 0:02:14]} 4. Nf3 {[%emt 0:00:57]} Bg7 {[%emt 0:00:34]} 5. Be2 {[%emt 0:00:24]} c5 {[%emt 0:05:54]} 6. O-O {[%emt 0:00:34]} O-O {[%emt 0:00:24]} 7. d3 {[%emt 0:00:26]} Nc6 {[%emt 0:01:22]} 8. Qe1 {[%emt 0:00:12]} e6 {[%emt 0:05:03]} 9. Bd1 {[%emt 0:02:50]} a6 {[%emt 0:05:46]} 10. Kh1 {[%emt 0:09:41]} b5 {[%emt 0:00:48]} 11. a3 {[%emt 0:00:30]} Rb8 {[%emt 0:10:21]} 12. Ne2 {[%emt 0:08:54]} d5 {[%emt 0:04:42]} 13. e5 {[%emt 0:05:18]} Nd7 {[%emt 0:00:37]} 14. d4 {[%emt 0:01:44]} f6 {[%emt 0:07:10]} 15. c3 {[%emt 0:03:53]} Qe7 {[%emt 0:04:54]} 16. Be3 {[%emt 0:07:32]} c4 {[%emt 0:01:52]} 17. exf6 {[%emt 0:03:51]} Nxf6 {[%emt 0:01:45]} 18. Bc2 {[%emt 0:02:27]} Bd7 {[%emt 0:02:32]} 19. Ng5 {[%emt 0:04:27]} Bh6 {[%emt 0:06:42]} 20. Qh4 {[%emt 0:04:50]} Bxg5 {[%emt 0:05:55]} 21. fxg5 {[%emt 0:06:39]} Nh5 {[%emt 0:01:13]} 22. g4 {[%emt 0:02:59]} Rxf1+ {[%emt 0:02:43]} 23. Rxf1 {[%emt 0:00:26]} Ng7 {[%emt 0:00:08]} 24. Nf4 {[%emt 0:11:02]} Ne8 {[%emt 0:09:12]} 25. Bxg6 {[%emt 0:06:56]} Nc7 {[%emt 0:02:51]} 26. Nh5 {[%emt 0:03:34]} 1-0

[Event "32nd GER-ch Seniors-50 2020"]
[Site "Magdeburg"]
[Date "2020.08.14"]
[Round "1.2"]
[White "Steinbach, Wolfgang"]
[Black "Pirrot, Dieter"]
[Result "1-0"]
[WhiteElo "1955"]
[BlackElo "2319"]
[Annotator "TA"]
[PlyCount "108"]
[EventDate "2020.08.14"]
[EventType "swiss"]
[EventCountry "GER"]
[SourceTitle "playchess.com"]
[Source "ChessBase"]
[SourceQuality "1"]

{[%evp 19,108,29,31,12,12,12,13,-23,-16,-43,-18,-18,-19,-18,-22,-63,-61,-64,-47,-85,-83,-80,-85,-70,-83,-80,-82,-79,-79,-75,119,114,117,8,16,0,-2,0,0,-12,-12,-18,-18,-21,-9,-27,-9,-14,-4,-8,0,-21,-12,-45,-45,-45,-45,-45,-44,-45,-45,-45,-33,-62,-66,-66,-52,-67,-45,-45,-24,-67,-67,-67,-67,-67,-67,-174,-67,-67,-67,-67,-67,-60,-67,-65,-51,-59,-51,-1003,-67]} 1. d4 f5 2. g3 Nf6 3. Bg2 e6 4. Nf3 Be7 5. O-O O-O 6. c4 d6 7. Qc2 Nc6 8. a3 a5 9. Nc3 e5 10. d5 Nb8 11. e4 {A96: Classical Dutch: Fluid Systems: Early deviations.} Nxe4 12. Nxe4 fxe4 13. Qxe4 {The position is equal.} Na6 14. Qe3 {[#]} Bf5 $146 ({Predecessor:} 14... a4 15. Bd2 Nc5 16. Bb4 Nb3 17. Rae1 b6 18. Nxe5 dxe5 19. Bxe7 Qxe7 20. d6 cxd6 21. Bxa8 {1-0 (55) Marcelin,C (2473)-Okhotnik,V (2454) Bois Colombes 2003}) 15. Bd2 a4 16. Bb4 b6 17. b3 axb3 18. Qxb3 Qe8 19. Rfe1 Qf7 20. Ra2 Bg4 {[%cal Rg4f3]} 21. Re3 Qh5 22. Nxe5 {[#]} Bd1 $1 {[%cal Rd1b3]} ({Much weaker is} 22... Nxb4 $6 23. Qxb4 Bf5 24. Rae2 $14) 23. Qb1 {aiming for g4!} Nxb4 24. Qxb4 Ra4 $2 {[#]} (24... Bg5 $17 {stays on course.} 25. f4 Rxf4) 25. Qe1 $1 $16 Bg5 26. Rd3 ({Better is} 26. f4 $16) 26... dxe5 $11 27. Qxd1 Qxd1+ 28. Rxd1 {Strongly threatening d6.} Be7 29. Bh3 Bd6 30. Bd7 Rxc4 31. a4 Rc3 32. Re1 Ra8 33. Ree2 Kf8 34. Kg2 Rd3 35. Bc6 Ra5 36. Rad2 (36. Re3 {keeps more tension.} Rd1 37. Rf3+ Kg8 38. Bb5 Rb1 39. Re2) 36... Rxd2 37. Rxd2 $15 {[%mdl 4096] Endgame KRB-KRB} Rc5 38. Re2 Kf7 39. Kg1 Kf6 40. Kg2 g5 41. g4 Rc4 42. f3 Rc3 43. h3 Bc5 44. Ra2 Bd4 45. Re2 Ke7 46. Ra2 Kd6 47. Re2 Kc5 48. Kf1 (48. Kg3 $15) 48... Be3 ({Black should play} 48... Rxf3+ $19 49. Kg2 Ra3) 49. Kg2 Kc4 50. Rb2 Ra3 51. Rc2+ Kb3 52. Re2 Bd4 53. Bb5 Ra1 54. Ra2 $2 {[%mdl 8192]} (54. Bc6 $15) 54... Rb1 $2 {[%mdl 32768] Accuracy: White = 67%, Black = 88%. . Loss on time!?} (54... Rxa2+ $19 55. Kh1 Rf2) 1-0

[Event "32nd GER-ch Seniors-50 2020"]
[Site "Magdeburg"]
[Date "2020.08.14"]
[Round "1.3"]
[White "Becker, Michael"]
[Black "Goeldenboog, Juergen"]
[Result "1-0"]
[WhiteElo "2275"]
[BlackElo "1945"]
[Annotator "TA"]
[PlyCount "116"]
[EventDate "2020.08.14"]
[EventType "swiss"]
[EventCountry "GER"]
[SourceTitle "playchess.com"]
[Source "ChessBase"]
[SourceQuality "1"]

{[%evp 10,116,21,8,50,47,66,66,59,27,96,74,93,85,89,75,58,29,48,-35,77,55,82,0,28,14,19,24,23,18,34,29,31,27,25,38,32,34,37,21,18,13,33,0,0,-39,0,0,0,0,0,-46,0,0,0,0,0,0,0,0,0,0,0,0,0,0,0,0,20,8,21,25,29,43,80,77,91,73,96,66,275,275,275,275,275,275,4602,568,541,526,327,188,175,175,29972,29973,29970,29970,29969,29958,29977,29978,29976,29977,29976,29977,29988,29989,29989]} 1. e4 c6 2. d4 d5 3. e5 c5 4. dxc5 Nc6 5. Nf3 Bg4 6. Bb5 e6 {B12: Caro-Kann: Advance Variation.} 7. b4 Qc7 8. Nbd2 Nge7 {White is slightly better.} 9. O-O O-O-O (9... a6 $11 10. Ba4 O-O-O) 10. Rb1 Nxe5 {[#]} 11. Re1 $146 ({Predecessor:} 11. Be2 Nxf3+ 12. Nxf3 Nf5 13. c3 Be7 14. Qa4 Bxf3 15. Bxf3 Kb8 16. Rb3 d4 17. Ra3 {1-0 (25) Pedersen,S (2092)-Dunn,P (2076) ICCF email 2014}) 11... N7c6 12. Bxc6 (12. h3 {is interesting.} Bh5 13. Be2 Nc4 14. c3 Bg6 15. Ra1) 12... Nxc6 13. h3 Bh5 14. Bb2 ({Better is} 14. Ba3 $14) 14... Rg8 (14... Nxb4 $15 {keeps the upper hand.} 15. Be5 Qxc5) 15. a3 Be7 16. Nf1 (16. Qe2 $16) 16... Bf6 17. Ng3 Bxf3 18. Qxf3 Bxb2 19. Rxb2 Ne5 20. Qe2 Nc4 {[%mdl 64] Double Attack} 21. Rb3 g6 22. Nf1 e5 23. Ne3 Nxe3 24. Qxe3 Rge8 25. Rd3 f5 26. f4 {[%cal Rf4e5]} d4 27. Qd2 e4 28. Rxd4 Rxd4 29. Qxd4 Qxf4 $11 {[%mdl 4096] Endgame KQR-KQR} 30. c6 Qc7 31. cxb7+ Kxb7 32. Rd1 Qb6 33. Kf1 {Threatens to win with Qd7+.} Qxd4 34. Rxd4 {KR-KR} Kc6 35. c4 Re6 36. Ke2 f4 37. Rd5 h6 38. h4 Rf6 39. Re5 f3+ 40. gxf3 exf3+ 41. Kf2 Rf4 42. Re6+ {[%mdl 64] Double Attack} Kb7 43. Rxg6 Rxh4 44. c5 ({Reject} 44. Kxf3 $6 Rxc4 45. Rg7+ (45. Rxh6 Rc3+ 46. Ke4 Rxa3 $11) 45... Rc7 $11) 44... Rh2+ $2 {Black cannot hold the game after this.} (44... h5 $14) 45. Kxf3 $18 Ra2 46. Ke4 ({Not} 46. Rxh6 Rxa3+ 47. Ke4 Rb3 $16) 46... Rxa3 47. Kd5 ({Weaker is} 47. Rxh6 Rb3 $14) 47... a6 $2 (47... Rd3+ 48. Kc4 Rf3) 48. Rxh6 (48. Rg7+ $142 Kb8 49. c6) 48... Rd3+ 49. Kc4 Rd1 50. Rb6+ Ka7 {[#]} 51. Rd6 $1 {[%cal Rd6d1]} Rb1 $2 {[#]} (51... Rh1 $18 52. Rd7+ Kb8) 52. Rd7+ $1 {White mates.} Kb8 53. c6 Rc1+ 54. Kd5 Rc2 55. Kd6 Rd2+ 56. Kc5 Rb2 57. Rb7+ Ka8 58. b5 axb5 {Accuracy: White = 87%, Black = 64%.} 1-0

[Event "32nd GER-ch Seniors-50 2020"]
[Site "Magdeburg"]
[Date "2020.08.14"]
[Round "1.4"]
[White "Noack, Mario"]
[Black "Biebinger, Gerhard"]
[Result "1/2-1/2"]
[WhiteElo "1945"]
[BlackElo "2226"]
[Annotator "TA"]
[PlyCount "113"]
[EventDate "2020.08.14"]
[EventType "swiss"]
[EventCountry "GER"]
[SourceTitle "playchess.com"]
[Source "ChessBase"]
[SourceQuality "1"]

{[%evp 14,113,10,23,24,21,37,10,22,-30,-11,-11,11,14,22,-40,1,-8,28,26,102,0,135,0,18,-8,0,-96,0,-212,-81,-66,-64,-69,31,0,50,38,33,36,55,-68,-62,-75,-91,-97,-56,-72,-36,-127,-166,-147,-131,-162,-131,-132,-63,-50,-64,-207,-210,-272,-256,-255,-254,-241,-212,-375,-323,-350,0,0,0,0,0,0,0,0,0,0,0,0,0,-420,-406,-366,0,0,0,0,0,0,0,0,0,0,5165,-139,-70,-300,0,0]} 1. c4 g6 2. g3 Bg7 3. Bg2 c5 4. Nc3 Nc6 5. a3 Nf6 6. e4 O-O 7. Nge2 d6 8. O-O Rb8 {A36: Symmetrical English vs ...g6: 4 Bg2 Bg7.} 9. Rb1 Bd7 10. h3 Ne8 11. d3 (11. b4 $142) 11... Nc7 $11 12. Be3 Ne6 13. f4 Ned4 14. Bf2 {[#]} (14. b4 $11) 14... a5 $146 ({Predecessor:} 14... Qa5 15. Kh2 b5 16. cxb5 Nxb5 17. Nxb5 Rxb5 18. d4 Rfb8 19. d5 Nd8 20. Be1 Qa6 {½-½ (34) Jonas,M-Hoenig,B corr 1998}) 15. Nxd4 cxd4 16. Nb5 f5 (16... Qb6 $11 {keeps the balance.}) 17. Qc2 ({White should play} 17. exf5 $16 Rxf5 18. Qf3) 17... b6 (17... fxe4 $11 18. dxe4 e5) 18. b3 (18. exf5 $16 Rxf5 19. Rfe1) 18... fxe4 19. dxe4 e5 20. Nxd6 (20. Be1 $11) 20... Bxh3 (20... Be6 $17 21. Nb5 Qd7) 21. Nf7 $2 (21. c5 $11 {and White has nothing to worry.} Bxg2 22. Kxg2) 21... Rxf7 (21... Qd7 $19 {and Black stays clearly on top.} 22. Nxe5 Bxe5 23. fxe5 Nxe5) 22. Bxh3 $17 {With the idea Be6.} Qe7 23. f5 g5 (23... Qxa3 24. fxg6 Rf6 25. gxh7+ Kxh7 26. Bf5+ Kg8 27. Qe2 $11) (23... Kh8 $15) 24. Qd2 Bf6 25. b4 axb4 26. axb4 h5 27. Rfc1 (27. g4 $14) 27... g4 $1 $36 {[%mdl 2048] Black fights for an advantage.} 28. Bf1 $1 Bg5 {[%mdl 64] Skewer} 29. Qb2 Qxb4 30. Qa2 Qc5 ({Not} 30... Bxc1 31. Rxb4 Nxb4 32. Qa4 $18) 31. Rb5 (31. Rd1 $15) 31... Bxc1 $17 32. Rxc5 bxc5 33. Qa6 Rf6 34. Qa1 Bg5 (34... Bd2 $17 35. Qa2 Ba5) 35. Qa3 $1 $15 Rb4 36. Qa8+ ({White should try} 36. Bd3 $1 $15) 36... Kg7 $19 37. Qe8 Rh6 38. Qd7+ Be7 39. Be1 Rb2 40. Ba5 $2 (40. Qc8) 40... Kf7 41. Bc7 {[#]} Rb3 $2 (41... d3 $1 $19 42. Qd5+ (42. Bxd3 $2 Rd2 $19) (42. Qxd3 Nd4) 42... Kf8 43. Qxd3 Nd4 44. Bxe5 Bf6 45. Bxf6 (45. Bd6+ $2 Be7 $19) 45... Rxf6) 42. Qd5+ $11 Kf8 43. Bxe5 Nxe5 44. Qxe5 {White wants to play Qc7.} Bd6 45. Qd5 Rxg3+ 46. Bg2 {Threatens to win with e5.} Re3 47. Qa8+ $1 Kf7 {Hoping for ...h4.} 48. e5 $2 {[%mdl 8192]} (48. Qd5+ $11 Kg7 49. Qb7+ Kf8 50. Qc8+ Kf7 51. Qd7+ Kg8 52. Qd8+ Kf7 53. Qd7+ Kg8 54. Qd8+ Kf7 55. Qd7+) 48... Rxe5 $19 {White must now prevent ...h4.} 49. Bd5+ Rxd5 $2 ({Better is} 49... Kf6 $19 50. Be6 Re1+ 51. Kf2 Rb1) 50. Qxd5+ {[%mdl 4096] Endgame KQ-KRB} Kf8 51. Qa8+ Kf7 52. Qd5+ Kf8 53. Qa8+ Kf7 54. Qd5+ Kf6 $2 {[%mdl 8192]} (54... Kg7 $11) 55. Qe6+ $2 (55. Qxd6+ $18 Kg5 56. Qxc5) 55... Kg5 $17 56. Qe4 $2 (56. Qg8+ $1 $15 Kxf5 57. Qd5+ Kf4 58. Qf7+ Ke4 59. Qd5+ Kf4 60. Qf7+ Ke3 61. Qg7) 56... Kf6 $2 (56... h4 $19 {...Rf6 is the strong threat.} 57. Qb7 Be5) 57. Qd5 {Both players deserved the win here. Accuracy: White = 47%, Black = 58%.} 1/2-1/2

[Event "32nd GER-ch Seniors-50 2020"]
[Site "Magdeburg"]
[Date "2020.08.14"]
[Round "1.5"]
[White "Koehler, Gerhard"]
[Black "Kottke, Steffen"]
[Result "1-0"]
[WhiteElo "2213"]
[BlackElo "1928"]
[Annotator "ChessBase"]
[PlyCount "69"]
[EventDate "2020.08.14"]
[EventType "swiss"]
[EventCountry "GER"]
[SourceTitle "playchess.com"]
[Source "ChessBase"]
[SourceQuality "1"]
[TimeControl "40/5400+30:1800+30"]

1. c4 {[%emt 0:00:00]} c5 {[%emt 0:00:00]} 2. g3 {[%emt 0:00:00]} Nf6 {[%emt 0:00:06]} 3. Bg2 {[%emt 0:00:00]} g6 {[%emt 0:00:19]} 4. Nc3 {[%emt 0:00:00]} Bg7 {[%emt 0:00:15]} 5. a3 {[%emt 0:00:11]} Nc6 {[%emt 0:01:52]} 6. Rb1 {[%emt 0:00:26]} d6 {[%emt 0:04:38]} 7. b4 {[%emt 0:00:47]} cxb4 {[%emt 0:01:34]} 8. axb4 {[%emt 0:00:45]} O-O {[%emt 0:05:57]} 9. d3 {[%emt 0:02:16]} Rb8 {[%emt 0:17:35]} 10. Nf3 {[%emt 0:04:04]} Ng4 {[%emt 0:00:30]} 11. Bd2 {[%emt 0:02:55]} Nge5 {[%emt 0:00:38]} 12. Ng5 {[%emt 0:01:37]} h6 {[%emt 0:04:37]} 13. Nh3 {[%emt 0:01:03]} g5 {[%emt 0:00:21]} 14. O-O {[%emt 0:06:11]} Bg4 {[%emt 0:04:07]} 15. f3 {[%emt 0:00:34]} Be6 {[%emt 0:01:27]} 16. Nf2 {[%emt 0:03:08]} Ng6 {[%emt 0:01:26]} 17. Qa4 {[%emt 0:09:18]} a6 {[%emt 0:14:05]} 18. b5 {[%emt 0:12:16]} axb5 {[%emt 0:00:39]} 19. Qxb5 {[%emt 0:00:23]} Qd7 {[%emt 0:04:16]} 20. e3 {[%emt 0:06:06]} f5 {[%emt 0:04:36]} 21. f4 {[%emt 0:07:55]} gxf4 {[%emt 0:00:25]} 22. exf4 {[%emt 0:00:18]} h5 {[%emt 0:01:20]} 23. Nh3 {[%emt 0:06:17]} Bd4+ {[%emt 0:00:14]} 24. Kh1 {[%emt 0:00:17]} Bf6 {[%emt 0:00:02]} 25. Nd5 {[%emt 0:01:56]} h4 {[%emt 0:05:08]} 26. Nxf6+ {[%emt 0:01:05]} exf6 {[%emt 0:00:05]} 27. Rfe1 {[%emt 0:02:33]} Kg7 {[%emt 0:02:52]} 28. Bc3 {[%emt 0:00:22]} hxg3 {[%emt 0:00:55]} 29. hxg3 {[%emt 0:00:18]} Nd8 {[%emt 0:06:32]} 30. Qb6 {[%emt 0:08:18]} Ra8 {[%emt 0:01:04]} 31. Ng5 {[%emt 0:01:32]} Rh8+ {[%emt 0:00:48]} 32. Kg1 {[%emt 0:00:14]} Bg8 {[%emt 0:00:52]} 33. Qd4 {[%emt 0:01:44]} Ne5 {[%emt 0:02:49]} 34. fxe5 {[%emt 0:01:00]} fxe5 {[%emt 0:00:01]} 35. Rxe5 {[%emt 0:00:50]} 1-0

[Event "32nd GER-ch Seniors-50 2020"]
[Site "Magdeburg"]
[Date "2020.08.14"]
[Round "1.6"]
[White "Leib, Britta"]
[Black "Metz, Hartmut"]
[Result "0-1"]
[WhiteElo "1903"]
[BlackElo "2209"]
[Annotator "ChessBase"]
[PlyCount "77"]
[EventDate "2020.08.14"]
[EventType "swiss"]
[EventCountry "GER"]
[SourceTitle "playchess.com"]
[Source "ChessBase"]
[SourceQuality "1"]
[TimeControl "40/5400+30:1800+30"]

1. e4 {[%emt 0:00:00]} c6 {[%emt 0:00:00]} 2. Nf3 {[%emt 0:00:00]} d5 {[%emt 0:00:00]} 3. Nc3 {[%emt 0:00:22]} dxe4 {[%emt 0:00:00]} 4. Nxe4 {[%emt 0:00:13]} Nf6 {[%emt 0:00:00]} 5. Nc3 {[%emt 0:03:15]} Bg4 {[%emt 0:01:25]} 6. h3 {[%emt 0:00:34]} Bh5 {[%emt 0:00:33]} 7. Be2 {[%emt 0:00:35]} Nbd7 {[%emt 0:04:19]} 8. Ne5 {[%emt 0:04:10]} Bxe2 {[%emt 0:00:10]} 9. Qxe2 {[%emt 0:00:10]} Nxe5 {[%emt 0:00:22]} 10. Qxe5 {[%emt 0:00:11]} e6 {[%emt 0:01:12]} 11. a3 {[%emt 0:01:57]} Bd6 {[%emt 0:01:31]} 12. Qe2 {[%emt 0:01:36]} O-O {[%emt 0:02:04]} 13. O-O {[%emt 0:01:38]} Qa5 {[%emt 0:16:11]} 14. d3 {[%emt 0:11:30]} Rfd8 {[%emt 0:06:46]} 15. Re1 {[%emt 0:08:28]} Bc7 {[%emt 0:13:07]} 16. Bd2 {[%emt 0:07:30]} Qf5 {[%emt 0:02:53]} 17. Rad1 {[%emt 0:06:27]} Rac8 {[%emt 0:15:28]} 18. Be3 {[%emt 0:21:49]} Qe5 {[%emt 0:04:18]} 19. g3 {[%emt 0:03:07]} Nd5 {[%emt 0:04:17]} 20. Bd2 {[%emt 0:00:50]} Qf5 {[%emt 0:01:33]} 21. Kg2 {[%emt 0:01:42]} Qg6 {[%emt 0:03:36]} 22. Qe4 {[%emt 0:04:49]} Ne7 {[%emt 0:05:32]} 23. Qxg6 {[%emt 0:07:05]} Nxg6 {[%emt 0:01:15]} 24. Re4 {[%emt 0:01:06]} Be5 {[%emt 0:01:44]} 25. Rde1 {[%emt 0:01:36]} Bf6 {[%emt 0:06:23]} 26. Nd1 {[%emt 0:04:33]} Ne7 {[%emt 0:01:26]} 27. Bc3 {[%emt 0:00:09]} Bxc3 {[%emt 0:00:32]} 28. Nxc3 {[%emt 0:00:03]} Nd5 {[%emt 0:00:14]} 29. Nb1 {[%emt 0:03:10]} Kf8 {[%emt 0:00:39]} 30. f4 {[%emt 0:00:35]} h5 {[%emt 0:00:57]} 31. Kf3 {[%emt 0:00:08]} g6 {[%emt 0:00:26]} 32. Nd2 {[%emt 0:00:30]} Ne7 {[%emt 0:00:37]} 33. Rb4 {[%emt 0:04:54]} Rc7 {[%emt 0:01:05]} 34. Ne4 {[%emt 0:00:02]} Nf5 {[%emt 0:00:46]} 35. Rc1 {[%emt 0:01:45]} b5 {[%emt 0:03:40]} 36. Nf2 {[%emt 0:00:40]} Nd4+ {[%emt 0:00:34]} 37. Ke3 {[%emt 0:00:21]} c5 {[%emt 0:00:17]} 38. Ne4 Nf5+ 39. Kf3 0-1

[Event "32nd GER-ch Seniors-50 2020"]
[Site "Magdeburg"]
[Date "2020.08.14"]
[Round "1.7"]
[White "Vatter, Hans-Joachim"]
[Black "Dolezal, Hans-Peter"]
[Result "1-0"]
[WhiteElo "2204"]
[BlackElo "1830"]
[Annotator "ChessBase"]
[PlyCount "72"]
[EventDate "2020.08.14"]
[EventType "swiss"]
[EventCountry "GER"]
[SourceTitle "playchess.com"]
[Source "ChessBase"]
[SourceQuality "1"]
[TimeControl "40/5400+30:1800+30"]

1. e4 {[%emt 0:00:00]} e5 {[%emt 0:00:00]} 2. Nf3 {[%emt 0:00:00]} Nf6 {[%emt 0:00:00]} 3. Nxe5 {[%emt 0:00:00]} d6 {[%emt 0:00:07]} 4. Nf3 {[%emt 0:00:04]} Nxe4 {[%emt 0:00:09]} 5. Nc3 {[%emt 0:00:07]} Nxc3 {[%emt 0:00:25]} 6. dxc3 {[%emt 0:00:03]} Be7 {[%emt 0:00:33]} 7. Bf4 {[%emt 0:01:32]} O-O {[%emt 0:04:06]} 8. Qd2 {[%emt 0:00:07]} Nd7 {[%emt 0:00:57]} 9. O-O-O {[%emt 0:00:21]} Nf6 {[%emt 0:00:36]} 10. Bd3 {[%emt 0:01:29]} c5 {[%emt 0:09:42]} 11. c4 {[%emt 0:04:46]} b5 {[%emt 0:08:39]} 12. Rhe1 {[%emt 0:02:42]} Be6 {[%emt 0:16:55]} 13. Ng5 {[%emt 0:09:29]} Bxc4 {[%emt 0:03:44]} 14. Bxc4 {[%emt 0:02:19]} bxc4 {[%emt 0:00:08]} 15. Rxe7 {[%emt 0:00:06]} Qxe7 {[%emt 0:09:28]} 16. Bxd6 {[%emt 0:00:25]} Qd8 {[%emt 0:01:46]} 17. Bxf8 {[%emt 0:00:17]} Qxd2+ {[%emt 0:00:16]} 18. Rxd2 {[%emt 0:01:18]} Kxf8 {[%emt 0:01:15]} 19. f3 {[%emt 0:03:23]} h6 {[%emt 0:06:44]} 20. Nh3 {[%emt 0:01:14]} Rc8 {[%emt 0:03:30]} 21. Nf4 {[%emt 0:02:14]} Rc7 {[%emt 0:01:54]} 22. Rd6 {[%emt 0:01:34]} Ke8 {[%emt 0:12:21]} 23. Nd5 {[%emt 0:13:09]} Nxd5 {[%emt 0:00:34]} 24. Rxd5 {[%emt 0:00:02]} Ke7 {[%emt 0:01:25]} 25. Kd2 {[%emt 0:02:08]} Ke6 {[%emt 0:04:18]} 26. Rd8 {[%emt 0:00:13]} Kf5 {[%emt 0:01:43]} 27. Kc3 {[%emt 0:00:12]} Kf4 {[%emt 0:06:08]} 28. Re8 {[%emt 0:06:16]} h5 {[%emt 0:02:06]} 29. Kxc4 {[%emt 0:02:02]} g5 {[%emt 0:00:25]} 30. Re4+ {[%emt 0:02:37]} Kf5 {[%emt 0:00:23]} 31. Re2 {[%emt 0:00:34]} Kf4 {[%emt 0:00:54]} 32. Rd2 {[%emt 0:01:20]} g4 {[%emt 0:03:37]} 33. fxg4 {[%emt 0:00:38]} hxg4 {[%emt 0:00:50]} 34. Rf2+ {[%emt 0:05:08]} Ke5 {[%emt 0:00:48]} 35. g3 f5 36. Re2+ Kf6 1-0

[Event "32nd GER-ch Seniors-50 2020"]
[Site "Magdeburg"]
[Date "2020.08.14"]
[Round "1.8"]
[White "Kopischke, Maik"]
[Black "Kahe, Ralph"]
[Result "1/2-1/2"]
[WhiteElo "1830"]
[BlackElo "2165"]
[Annotator "TA"]
[PlyCount "47"]
[EventDate "2020.08.14"]
[EventType "swiss"]
[EventCountry "GER"]
[SourceTitle "playchess.com"]
[Source "ChessBase"]
[SourceQuality "1"]

{[%evp 31,47,8,6,7,9,11,11,9,10,10,11,10,11,0,2,0,0,0]} 1. Nf3 g6 2. c4 Bg7 3. Nc3 c5 4. g3 Nc6 5. Bg2 d6 6. O-O Bd7 7. d3 Nf6 8. Rb1 O-O 9. a3 a5 10. Bd2 Rb8 11. Ne1 Ne8 12. Nc2 Nc7 13. b4 axb4 14. axb4 Nxb4 15. Nxb4 cxb4 16. Rxb4 b5 {The position is equal.} 17. Nxb5 {[#] is the legacy move (17.cxb5). A38: Symmetrical English vs ...g6: 4 Bg2 Bg7 5 Nf3 Nf6.} Bxb5 $146 ({Predecessor:} 17... Nxb5 18. cxb5 Rxb5 19. Rxb5 Bxb5 {½-½ (19) Paunovic,D (2526)-Mirzoev,A (2546) Elgoibar 2010}) 18. cxb5 Nxb5 19. e3 Nc3 20. Bxc3 Bxc3 21. Rxb8 Qxb8 22. Qc2 Bf6 23. Rb1 Qa7 24. Qb3 {A rather calm draw.} 1/2-1/2

[Event "32nd GER-ch Seniors-50 2020"]
[Site "Magdeburg"]
[Date "2020.08.15"]
[Round "2.1"]
[White "Gebhardt, Ulrich"]
[Black "Lundin, Jan"]
[Result "0-1"]
[WhiteElo "2059"]
[BlackElo "2321"]
[Annotator "TA"]
[PlyCount "52"]
[EventDate "2020.08.14"]
[EventType "swiss"]
[EventCountry "GER"]
[SourceTitle "playchess.com"]
[Source "ChessBase"]
[SourceQuality "1"]

{[%evp 14,52,22,15,27,33,31,0,14,0,0,-4,-5,-14,-6,-29,-4,-6,0,-7,-9,-6,-14,-17,-12,-214,-218,-216,-212,-379,-378,-383,-383,-488,-500,-492,-495,-527,-507,-555,-547]} 1. d4 d5 2. c4 e5 3. dxe5 d4 4. Nf3 Nc6 5. a3 Be6 6. e3 dxe3 7. Qxd8+ Rxd8 8. Bxe3 Nge7 {D08: Albin Counter Gambit.} 9. Nc3 Nf5 10. Bg5 Be7 {The position is equal.} 11. Bxe7 Kxe7 $40 {[%mdl 128] Black attacks.} 12. Rd1 Rxd1+ 13. Kxd1 Rd8+ 14. Kc1 Nfd4 15. Nxd4 Rxd4 {[#]} 16. Nb5 $146 ({Predecessor:} 16. Be2 Nxe5 17. c5 Nd3+ 18. Bxd3 Rxd3 19. Rd1 Rxd1+ 20. Kxd1 Bb3+ 21. Kd2 Ke6 22. Ke3 {1-0 (41) Schuster,K (2293)-Foerster,E (1957) Playchess.com INT 2020}) 16... Rf4 17. f3 Nxe5 18. Nxc7 Bxc4 19. Kd2 $2 {[#]} (19. Nb5 $11) 19... Rd4+ $1 $19 20. Ke1 a6 21. Be2 $2 (21. Na8) 21... Kd7 22. Na8 Kc6 23. g3 Nd3+ {Black is clearly winning.} 24. Bxd3 Rxd3 (24... Bxd3 $2 25. Kd2 $19) 25. Kf2 {[#]} Rxf3+ $1 {[%mdl 512]} 26. Ke1 (26. Kxf3 Bd5+) 26... b5 {White got outplayed after the opening. Accuracy: White = 51%, Black = 100%.} 0-1